000 00915nam a2200253 a 4500
001 BRCA_862
005 20190320203201.0
008 860708s1985 sp-#---###---#000-0#spa-#
020 _a8400059573
040 _aDLC
_cDLC
_dDLC
050 4 _aNK5205.R4
_b.R85 1985
100 1 _aRuiz Alcón, Maria Teresa
_92875
245 1 0 _aVidrio y cristal de La Granja
_cMa. Teresa Ruiz Alcón.
250 _a2
260 _aMadrid
_bInstituto Diego Velázquez, del Consejo Superior de Investigaciones Científicas
_c1985
300 _a44 p.
_bil. (algunas a color)
_c22 cm.
440 0 _aArtes y artistas
_92876
500 _a2do. ejemplar en el Área de Investigación
504 _aBibliografía: p. 34
610 2 4 _aReal Fábrica de Cristales de San Ildefonso
_92877
650 1 4 _aCristal, cristalino
_xHistoria
_ySiglo XVIII
_zEspaña
_92878
650 1 4 _aCristalería
_xHistoria
_ySiglo XVIII
_zEspaña
_92709
942 _2lcc
_cB
999 _c757
_d757